000 03551nam a2200265 4500
003 DO-SdBJH
005 20260326193312.0
008 260323b2025 |||a|||| |||| 00| 0 spa d
040 _aDO-SdBJH
_bspa
_cDO-SdBJH
041 0 _aspa
090 _aCT E-GEO 0005
_bEGAEE 2025
100 1 _aFigueroa Báez, Henry Alexander
_esustentante
245 1 0 _aImpacto geopolítico de la estructura multipolar y del neorrealismo en República Dominicana, año, 2024 /
_cHenry Alexander Figueroa Báez, Alberto Enrique Benítez Gutiérrez ; asesor metodológico Juan Miguel Pérez Richiez ; asesor de contenido Daniel Báez Garrido.
260 _aSanto Domingo, República Dominicana :
_bUNADE,
_c2025.
300 _ax, 60 páginas.
502 _aTesis y trabajos de grado (Especialidad en Geopolítica)--Universidad Nacional para la Defensa "Juan Pablo Duarte y Díez", Escuela de graduados de Altos Estudios Estratégicos, Santo Domingo, 2025.
504 _aIncluye referencias bibliográficas y anexos.
505 _aInfluencia geopolítica de la estructura multipolar en República Dominicana -- Impacto del neorrealismo en República Dominicana y la implementación de las políticas públicas y de defensa -- Factores que influyen en la toma de decisiones originados por la estructura multipolar y el neorrealismo.
520 _aEl presente trabajo de tesis examina el impacto geopolítico de la estructura multipolar y el marco teórico del neorrealismo en la República Dominicana, durante el año 2024. El objetivo ´principal fue analizar como la actual distribución del poder internacional, que se caracteriza por la coexistencia de múltiples polos hegemónicos como Estado Unidos, China y Rusia, los cuales moldean las decisiones de políticas exterior y seguridad nacional del país. Utilizando el enfoque del neorrealismo que utiliza la anarquía del sistema internacional; la investigación evalúa la vulnerabilidades y las oportunidades estratégicas por su condición insular. Se revisaron múltiples fuentes oficiales a través del método inductivo y los hallazgos indican que el retorno a la multipolaridad presentan un escenario de creciente complejidad, obligando a la República Dominicana a gestionar el equilibrio entre actores globales y regionales. Es entorno incrementa la precisión sobre la autonomía de la política exterior, especialmente en áreas críticas como el comercio e inversión extranjera, seguridad energética y la migración fronteriza. La tesis concluye que la República Dominicana tuvo un impacto significativo; principalmente económico en el 2024, debido a sus relaciones comerciales con Estados Unidos, quien influye a través de sus políticas migratorias, la cooperación militar y la asistencia en temas de seguridad y narcotráfico, por lo que el Estado Dominicano debe adoptar una postura que combine la seguridad, con el desarrollo, enfocándose en la consolidación de la seguridad nacional sostenible y acuerdos bilaterales y multilaterales que diversifiquen su dependencia económica y evitar que esta relación se convierta en una coerción.
650 7 _2lemb
_aRelaciones internacionales
_vTesis y disertaciones
_xGeopolítica
_y2024
_zRepública Dominicana
650 7 _2lemb
_aSeguridad nacional
_xPolítica gubernamental
_vTesis y disertaciones
_y2024
_zRepública Dominicana
650 7 _2lemb
_aNeorrealismo (Relaciones internacionales)
_vTesis y disertaciones
_xAplicaciones
_y2024
_zRepública Dominicana
700 1 _aBenítez Gutiérrez, Alberto Enrique
_esustentante
942 _2CL
_cT
999 _c8613
_d8613